Financial accounting: (Record no. 202942)
[ view plain ]
| 000 -LEADER | |
|---|---|
| fixed length control field | 00894nam a2200265Ia 4500 |
| 003 - CONTROL NUMBER IDENTIFIER | |
| control field | OSt |
| 005 - DATE AND TIME OF LATEST TRANSACTION | |
| control field | 20220204172358.0 |
| 008 - FIXED-LENGTH DATA ELEMENTS--GENERAL INFORMATION | |
| fixed length control field | 210716s2007 xx 000 0 und d |
| 020 ## - INTERNATIONAL STANDARD BOOK NUMBER | |
| International Standard Book Number | 0471730513 |
| 040 ## - CATALOGING SOURCE | |
| Transcribing agency | AIMIT LIBRARY |
| 041 ## - LANGUAGE CODE | |
| Language code of text/sound track or separate title | eng |
| 082 ## - DEWEY DECIMAL CLASSIFICATION NUMBER | |
| Classification number | 657.48 |
| Edition number | 4 |
| Item number | KIMP |
| 100 ## - MAIN ENTRY--PERSONAL NAME | |
| Personal name | Kimmel, Paul D. |
| 9 (RLIN) | 16957 |
| 245 ## - TITLE STATEMENT | |
| Title | Financial accounting: |
| Remainder of title | tools for business decision making / |
| Statement of responsibility, etc. | By Paul D. Kimmel, Jerry J. Weygandt and Donald E. Kieso. |
| 250 ## - EDITION STATEMENT | |
| Edition statement | 4th ed. |
| 260 ## - PUBLICATION, DISTRIBUTION, ETC. | |
| Place of publication, distribution, etc. | New Jersey : |
| Name of publisher, distributor, etc. | John Wiley and Sons , |
| Date of publication, distribution, etc. | 2007. |
| 300 ## - PHYSICAL DESCRIPTION | |
| Extent | xxxvii, 703p. ,A-26,I-16p. ; |
| Dimensions | 28 cm. |
| 650 ## - SUBJECT ADDED ENTRY--TOPICAL TERM | |
| Topical term or geographic name entry element | Financial Accounting |
| 9 (RLIN) | 16958 |
| 650 ## - SUBJECT ADDED ENTRY--TOPICAL TERM | |
| Topical term or geographic name entry element | Accounting Information System |
| 9 (RLIN) | 16959 |
| 650 ## - SUBJECT ADDED ENTRY--TOPICAL TERM | |
| Topical term or geographic name entry element | Financial Statements |
| 9 (RLIN) | 16960 |
| 650 ## - SUBJECT ADDED ENTRY--TOPICAL TERM | |
| Topical term or geographic name entry element | Reporting and Analyzing Inventory |
| 9 (RLIN) | 16961 |
| 700 ## - ADDED ENTRY--PERSONAL NAME | |
| Personal name | Weygandt, Jerry J. |
| 9 (RLIN) | 16962 |
| 700 ## - ADDED ENTRY--PERSONAL NAME | |
| Personal name | Kieso, Donald E. |
| 9 (RLIN) | 16963 |
| 942 ## - ADDED ENTRY ELEMENTS (KOHA) | |
| Source of classification or shelving scheme | Dewey Decimal Classification |
| Koha item type | Book |
| Edition | 4 |
| Call number prefix | 657.48 KIMP |
| Withdrawn status | Lost status | Source of classification or shelving scheme | Damaged status | Not for loan | Collection code | Home library | Current library | Date acquired | Inventory number | Total Checkouts | Full call number | Barcode | Date last seen | Price effective from | Koha item type |
|---|---|---|---|---|---|---|---|---|---|---|---|---|---|---|---|
| Dewey Decimal Classification | Reference Book | MBA | St Aloysius Institute of Management & Information Technology | St Aloysius Institute of Management & Information Technology | 12/01/2008 | Bill no:; Bill dt:1900-01-00 | 657.48 KIMP | MBA05508 | 07/21/2025 | 07/16/2021 | Book |